| 000 | 00566nam a22001577a 4500 | ||
|---|---|---|---|
| 003 | NUST | ||
| 082 | _a629.8 | ||
| 100 |
_aMehboob ,Aakif _9122250 |
||
| 245 |
_aOptimal Channel Selection for Improved Classification Accuracy in fNIRS BCI / _cAakif Mehboob |
||
| 264 |
_aIslamabad: _bSMME- NUST. _c2020. |
||
| 300 |
_a63p. ; _bSoft Copy, _c30cm. |
||
| 650 |
_aMS Robotics and Intelligent Machine Engineering _9119486 |
||
| 700 |
_aSupervisor : Dr. Muhammad Jawad Khan _9119689 |
||
| 856 | _uhttp://10.250.8.41:8080/xmlui/handle/123456789/20409 | ||
| 942 |
_2ddc _cTHE |
||
| 999 |
_c608766 _d608766 |
||